00862cam a2200229 a 450000100060000000300080000600500170001400800410003103500190007204000350009104100080012608200210013410000430015524500950019826000330029330000290032665000530035565100470040894200120045599900170046795201480048427022BD-RjUL20211209051112.0140324s1946 enkb 000 0 eng d a(BD-RjUL)27093 aNUNbengcNUNdANL:NRdBD-RjUL aeng04a955.05bHAP 19461 aHanzavi, A. H.q(Abdol Hossain)98300910aPersia and the powers :ban account of diplomatic relations, 1941-1946 /cby A.H. Hamzavi. aLondon :bHutchinson,c1946. a125 p. :bmaps ;c19 cm. 0aWorld War, 1939-1945xDiplomatic history.973842 0aIranxForeign relationsy1941-1979.983010 2ddccBK c27022d27022 00102ddc40728NFICaRUCLbRUCLcReadingd1964-10-06eQ.I . Qurashi Dhakag5.20l0o955.05 HAP 1946r2014-03-24 00:00:00tC-1w2014-03-24yBK